Les multiples de 2 (mort-subite) - Statistiques

Statistiques générales
  • Ce quiz a été pris 421 fois
  • Le résultat moyen est 19 sur 21
Answers on the Grid
Answers color-coded by a green-red scale on the quiz's grid according to % correct below.
188
633
4
689
145
789
562
425
369
571
3591
45836
24
25
308
300
4598
4761
2641
6890
1456
7894
1560
47895
9888
23
24997
1644
2305
4787
2648
1248
3649
47892
56245
67899
146
3479
4023
4579
24685
549
13
490
540
20064
921
721
359
3483
 
Statistiques - réponses
Réponse % Correct
4
94%
1560
93%
20064
92%
24
92%
540
92%
562
92%
1248
91%
146
91%
1644
91%
300
91%
308
91%
45836
91%
47892
91%
490
91%
6890
91%
9888
91%
1456
90%
188
90%
2648
90%
4598
90%
7894
90%
Aucun quiz correspondant
Distribution des résultats
% des personnes avec chaque résultat
Percentile par nombre de réponses
Votre historique - résultats
Vous n’avez pas pris ce quiz